000 00607nam a22001937a 4500
005 20251108164852.0
008 250721s1997 xx 000 0 ara d
082 1 4 _a371.9/خطي
100 1 _aالخطيب، جمال
_eمؤلف
245 1 0 _aالمدخل إلى التربية الخاصة /
264 1 _aالعين :
_bمكتبة الفلاح للنشر والتوزيع،
_c1997.
300 _a403ص.
650 1 7 _aالتعليم الخاص
650 1 7 _aعلم النفس التربوي
650 1 7 _aالمعوقون
700 1 _aالحديدي، منى
942 _2ddc
_cBK
999 _c16287
_d16287